[Event "FRA-chT 16 Final-A"]
[Site "Playchess.com INT"]
[Date "2021.01.16"]
[Round "4"]
[White "Gharamian, Tigran"]
[Black "Gatineau, Yovann"]
[Result "1-0"]
[WhiteElo "2602"]
[BlackElo "2423"]
[PlyCount "121"]
[EventDate "2021.01.16"]
[EventType "team-tourn (blitz)"]
[EventRounds "15"]
[EventCountry "FRA"]
[SourceTitle "CBM 200 Extra"]
[Source "ChessBase"]
[SourceDate "2021.03.31"]
[SourceVersion "1"]
[SourceVersionDate "2021.03.31"]
[SourceQuality "1"]
[WhiteTeam "Nice"]
[BlackTeam "Mulhouse"]
[WhiteTeamCountry "FRA"]
[BlackTeamCountry "FRA"]

1. e4 e5 2. Nf3 Nc6 3. Bb5 a6 4. Ba4 Nf6 5. 0-0 Bc5 6. d3 b5 7. Bb3 d6 8. c3 0-0 9. h3 Bb7 10. Re1 Bb6 11. Nbd2 Re8 12. Ng5 Re7 13. Nf1 h6 14. Nf3 d5 15. Ng3 dxe4 16. dxe4 Qxd1 17. Rxd1 Rd7 18. Re1 Re8 19. Bc2 Na5 20. a4 Nc4 21. axb5 axb5 22. b3 Nd6 23. Be3 Bxe3 24. Rxe3 Rde7 25. Ree1 Nd7 26. Ra7 Ra8 27. Rea1 Rxa7 28. Rxa7 Nc5 29. Nd2 Re8 30. b4 Ne6 31. Bb3 Nf4 32. Nf5 Nxe4 33. Rxb7 Nxd2 34. Bc2 g6 35. Nxh6+ Kg7 36. Ng4 Re7 37. Rxb5 Ne2+ 38. Kh2 Nxc3 39. Rxe5 Rxe5 40. Nxe5 Na2 41. Nc6 Kf6 42. f4 Nc3 43. g3 Nc4 44. Bd3 Nb6 45. Kg2 Nbd5 46. Kf2 Na2 47. b5 Nac3 48. Kf3 Ke6 49. Bc4 Kd6 50. Ne5 Nb6 51. Bxf7 Nxb5 52. Bxg6 Nd4+ 53. Ke4 Ne6 54. h4 c5 55. h5 c4 56. h6 Nf8 57. h7 Nxh7 58. Bxh7 Kc5 59. Bg8 c3 60. Nd3+ Kd6 61. Bb3 1-0

[Event "FRA-chT 16 Final-A"]
[Site "Playchess.com INT"]
[Date "2021.01.16"]
[Round "6"]
[White "Gharamian, Tigran"]
[Black "Pucher, Sebastien"]
[Result "1-0"]
[WhiteElo "2602"]
[BlackElo "2269"]
[PlyCount "57"]
[EventDate "2021.01.16"]
[EventType "team-tourn (blitz)"]
[EventRounds "15"]
[EventCountry "FRA"]
[SourceTitle "CBM 200 Extra"]
[Source "ChessBase"]
[SourceDate "2021.03.31"]
[SourceVersion "1"]
[SourceVersionDate "2021.03.31"]
[SourceQuality "1"]
[WhiteTeam "Nice"]
[BlackTeam "Metz Fischer"]
[WhiteTeamCountry "FRA"]
[BlackTeamCountry "FRA"]

1. e4 g6 2. d4 Bg7 3. Nf3 d6 4. Bc4 Nf6 5. Qe2 Nc6 6. e5 dxe5 7. dxe5 Ng4 8. Bb5 0-0 9. Bxc6 bxc6 10. h3 Nh6 11. 0-0 Be6 12. Nc3 Bd5 13. Rd1 Bxf3 14. Qxf3 Qe8 15. Bf4 f6 16. exf6 Rxf6 17. Qe4 Qf7 18. Bg3 Nf5 19. Bxc7 Nd6 20. Bxd6 Rxd6 21. Rxd6 exd6 22. Qxc6 Rf8 23. Rf1 Qe6 24. Qe4 Qxe4 25. Nxe4 Bxb2 26. Nxd6 Rd8 27. Ne4 Rc8 28. c3 Rc4 29. Rb1 1-0

[Event "FRA-chT 16 Final-A"]
[Site "Playchess.com INT"]
[Date "2021.01.16"]
[Round "5"]
[White "Villegas, Pierre"]
[Black "Gharamian, Tigran"]
[Result "1/2-1/2"]
[WhiteElo "2367"]
[BlackElo "2602"]
[PlyCount "79"]
[EventDate "2021.01.16"]
[EventType "team-tourn (blitz)"]
[EventRounds "15"]
[EventCountry "FRA"]
[SourceTitle "CBM 200 Extra"]
[Source "ChessBase"]
[SourceDate "2021.03.31"]
[SourceVersion "1"]
[SourceVersionDate "2021.03.31"]
[SourceQuality "1"]
[WhiteTeam "Monaco"]
[BlackTeam "Nice"]
[WhiteTeamCountry "MNC"]
[BlackTeamCountry "FRA"]

1. d4 d6 2. c4 e5 3. d5 Be7 4. Nc3 Bg5 5. e3 Bh6 6. Bd3 f5 7. Nge2 Nf6 8. Ng3 e4 9. Bc2 0-0 10. 0-0 g6 11. f4 exf3 12. gxf3 Nbd7 13. b3 Qe7 14. Qd2 a6 15. f4 Bg7 16. Bb2 Nc5 17. b4 Nce4 18. Ncxe4 Nxe4 19. Bxe4 Bxb2 20. Qxb2 fxe4 21. Qc2 Bf5 22. c5 a5 23. a3 Qf6 24. Nxf5 gxf5 25. bxa5 Rxa5 26. cxd6 cxd6 27. Kh1 Kh8 28. Qb3 Rf7 29. Rac1 h6 30. Rc8+ Kh7 31. Rg1 Rc5 32. Rxc5 dxc5 33. d6 Rg7 34. Rxg7+ Qxg7 35. Qe6 Qg4 36. Qf7+ Kh8 37. Qf8+ Kh7 38. Qf7+ Kh8 39. Qf8+ Kh7 40. Qf7+ 1/2-1/2

[Event "FRA-chT Top 16 Philidor"]
[Site "Playchess.com INT"]
[Date "2021.01.09"]
[Round "2"]
[White "Efimov, Igor"]
[Black "Gharamian, Tigran"]
[Result "0-1"]
[WhiteElo "2416"]
[BlackElo "2602"]
[PlyCount "78"]
[EventDate "2021.01.09"]
[EventType "team-tourn (rapid)"]
[EventRounds "12"]
[EventCountry "FRA"]
[SourceTitle "CBM 200 Extra"]
[Source "ChessBase"]
[SourceDate "2021.03.31"]
[SourceVersion "1"]
[SourceVersionDate "2021.03.31"]
[SourceQuality "1"]
[WhiteTeam "Monaco"]
[BlackTeam "Nice"]
[WhiteTeamCountry "MNC"]
[BlackTeamCountry "FRA"]

1. e4 c6 2. d4 d5 3. e5 Bf5 4. c3 e6 5. Be3 Ne7 6. Nd2 Bg6 7. f4 h5 8. Be2 Nd7 9. Ngf3 Nf5 10. Bf2 Be7 11. 0-0 c5 12. c4 dxc4 13. Nxc4 cxd4 14. Nxd4 Nxd4 15. Qxd4 0-0 16. Rfd1 Nc5 17. Nd6 Bxd6 18. Qxd6 Qxd6 19. Rxd6 Ne4 20. Rd7 Rfc8 21. Bf3 Rc2 22. Bd4 Rd2 23. Rc1 b6 24. Rcc7 h4 25. f5 Bxf5 26. Kf1 h3 27. Ke1 hxg2 28. Bxe4 Rxd4 29. Bxg2 Rxd7 30. Rxd7 Rc8 31. Bf3 Rc2 32. Rxa7 Rxb2 33. a4 Rxh2 34. Rb7 Rb2 35. Bd1 Rb4 36. Kd2 g5 37. Kc3 Rb1 38. Bb3 g4 39. Ba2 Rc1+ 0-1

[Event "FRA-chT Top 16 Philidor"]
[Site "Playchess.com INT"]
[Date "2021.01.09"]
[Round "1"]
[White "Gharamian, Tigran"]
[Black "Villegas, Pierre"]
[Result "1-0"]
[WhiteElo "2602"]
[BlackElo "2367"]
[PlyCount "59"]
[EventDate "2021.01.09"]
[EventType "team-tourn (rapid)"]
[EventRounds "12"]
[EventCountry "FRA"]
[SourceTitle "CBM 200 Extra"]
[Source "ChessBase"]
[SourceDate "2021.03.31"]
[SourceVersion "1"]
[SourceVersionDate "2021.03.31"]
[SourceQuality "1"]
[WhiteTeam "Nice"]
[BlackTeam "Monaco"]
[WhiteTeamCountry "FRA"]
[BlackTeamCountry "MNC"]

1. e4 c6 2. Nf3 d5 3. d3 Qc7 4. Nc3 dxe4 5. Nxe4 Nf6 6. Qe2 Nbd7 7. g3 Nxe4 8. Qxe4 Nf6 9. Qe2 g6 10. Bg2 Bg7 11. 0-0 0-0 12. Re1 Re8 13. d4 Bg4 14. c3 Rad8 15. h3 Bxf3 16. Qxf3 Nd5 17. Bg5 Bf6 18. Bd2 Bg7 19. Rad1 e5 20. dxe5 Rxe5 21. Rxe5 Bxe5 22. Bg5 Rf8 23. h4 h5 24. Re1 Bg7 25. a3 Qd7 26. Qd3 Re8 27. Rxe8+ Qxe8 28. Bxd5 cxd5 29. Qxd5 b6 30. Qd8 1-0

[Event "FRA-chT Top 16 Philidor"]
[Site "Playchess.com INT"]
[Date "2021.01.09"]
[Round "8"]
[White "Stephan, Victor"]
[Black "Gharamian, Tigran"]
[Result "0-1"]
[WhiteElo "2430"]
[BlackElo "2602"]
[PlyCount "82"]
[EventDate "2021.01.09"]
[EventType "team-tourn (rapid)"]
[EventRounds "12"]
[EventCountry "FRA"]
[SourceTitle "CBM 200 Extra"]
[Source "ChessBase"]
[SourceDate "2021.03.31"]
[SourceVersion "1"]
[SourceVersionDate "2021.03.31"]
[SourceQuality "1"]
[WhiteTeam "Chartres"]
[BlackTeam "Nice"]
[WhiteTeamCountry "FRA"]
[BlackTeamCountry "FRA"]

1. d4 Nf6 2. c4 e6 3. Nc3 Bb4 4. Qc2 d5 5. cxd5 Qxd5 6. Nf3 Qf5 7. Qxf5 exf5 8. Bf4 c6 9. a3 Be7 10. e3 Be6 11. Bd3 h6 12. 0-0 Nbd7 13. Rac1 0-0 14. h3 Rfd8 15. Rfd1 Rac8 16. Ne5 Nxe5 17. Bxe5 g6 18. Bb1 Nd5 19. Nxd5 Bxd5 20. Bd3 f6 21. Bg3 Kf7 22. Kf1 Be6 23. Bc4 g5 24. Ke2 Bd5 25. Bxd5+ Rxd5 26. Rc4 Rcd8 27. Rdc1 f4 28. exf4 Rxd4 29. Rxd4 Rxd4 30. fxg5 hxg5 31. Rc3 a5 32. Ke3 Rd1 33. Rd3 Rb1 34. Rd2 a4 35. Kd3 b5 36. Kc2 Rg1 37. f3 Bc5 38. h4 gxh4 39. Bxh4 Be3 40. Re2 Bd4 41. Bf2 Rxg2 0-1